Managing oil wealth <the> case of Azerbaijan

Salvato in:
Dettagli Bibliografici
Natura: Libro
Lingua:inglese
Pubblicazione: Washington, D.C. IMF 2004
Soggetti:
Tags: Aggiungi Tag
Nessun Tag, puoi essere il primo ad aggiungerne!!

MARC

LEADER 00000nam$a2200000$$$4500
001 0010814
005 20240315115537.5
020 |a 1-58906-308-2 
041 0 |a eng 
044 |a US 
245 1 0 |a Managing oil wealth  |b <the> case of Azerbaijan 
264 1 |a Washington, D.C.  |b IMF  |c 2004 
300 |a 44 s. 
610 2 0 |a ropa 
610 2 0 |a priemysel palivovo-energetický 
610 2 0 |a nafta 
610 2 0 |a petrochémia 
610 2 0 |a zdroje prírodné 
610 2 0 |a zdroje surovinové 
610 2 0 |a Azerbajdžan 
610 2 0 |a manažment 
610 2 0 |a porovnanie medzinárodné 
610 2 0 |a Indonézia 
610 2 0 |a Nigéria 
610 2 0 |a Mexiko